| 000 | 00786nam a22002297i 4500 | ||
|---|---|---|---|
| 999 |
_c22797 _d22797 |
||
| 003 | AR-CdUCM | ||
| 008 | 240314b20132013pe ||||| |||| 00| 0 spa d | ||
| 020 | _a978-90-8667-064-2 | ||
| 040 |
_aMUNICIPALIDAD PROVINCIAL DEL CUSCO _cBIBLIOTECA MUNICIPAL DEL CUSCO |
||
| 041 | _hspa | ||
| 082 |
_a920.1 / V49 _bV49 |
||
| 100 |
_aAukje, Vergeest _949489 |
||
| 245 |
_aAna Frank en la Casa de Atrás : _b¿Quién fue Quién? / |
||
| 260 |
_aStichting-Ámsterdam : _bCasa de Ana Frank, _c2013 |
||
| 300 |
_a178 páginas. : _c19 cm. |
||
| 500 | _zBibliografía: páginas 175-177 | ||
| 505 | _aCasa de Ana Frank -- La vida cotidiana en la casa de atrás | ||
| 650 |
_aLa Casa de Ana Frank _949490 |
||
| 856 | _fwww.annefrank.org/ebook | ||
| 942 |
_2ddc _cLIBROS |
||
| 945 |
_apbj _d14-03-2024 |
||